Statistics for Destinations to Their Countries

Click here to take the quiz!

General Stats

  • This quiz has been taken 72 times
  • The average score is 46 of 60

Answer Stats

DestinationCountry% Correct
Sydney Opera HouseAustralia
98%
ColosseumItaly
98%
Golden Gate BridgeUnited States
97%
Ipanema BeachBrazil
95%
Machu PicchuPeru
95%
Trafalgar SquareUnited Kingdom
95%
Forbidden CityChina
94%
Cape of Good HopeSouth Africa
94%
Alhambra PalaceSpain
94%
Hagia SophiaTurkey
94%
Banff National ParkCanada
92%
Valley of the KingsEgypt
92%
Versailles PalaceFrance
92%
Brandenburg GateGermany
92%
Van Gogh MuseumNetherlands
91%
Perito Moreno GlacierArgentina
89%
Charles Bridge at PragueCzech Republic
89%
MykonosGreece
89%
Holy city of VaranasiIndia
89%
Ruins of TulumMexico
89%
The Hermitage MuseumRussia
89%
DubrovnikCroatia
88%
Golden Pavilion (Kinkaku-ji)Japan
88%
GeirangerfjordNorway
86%
Milford SoundNew Zealand
84%
HallstattAustria
83%
Temple BarIreland
83%
Ha Long BayVietnam
83%
Torres del Paine National ParkChile
81%
Petronas TowersMalaysia
81%
Gyeongbokgung PalaceSouth Korea
81%
Temple of the Emerald Buddha (Wat Phra Kaew)Thailand
81%
CartagenaColombia
80%
RovaniemiFinland
80%
St Peter's BasilicaVatican City
80%
Tivoli GardensDenmark
78%
The Ring Road (Route 1)Iceland
77%
Belem TowerPortugal
77%
JungfraujochSwitzerland
77%
The Palm IslandsUnited Arab Emirates
77%
Uluwatu TempleIndonesia
75%
Masjid al-HaramSaudi Arabia
75%
Dome of the RockIsrael
73%
AtomiumBelgium
72%
Jemaa el-FnaaMorocco
72%
Szechenyi BathsHungary
70%
Malecon EsplanadeCuba
69%
Amboseli National ParkKenya
69%
Lake BledSlovenia
61%
Old Bridge of MostarBosnia & Herzegovina
59%
Cotopaxi National ParkEcuador
59%
Victoria FallsZambia/ Zimbabwe
58%
TiwanakuBolivia
48%
Punta CanaDominican Republic
47%
Monteverde Cloud ForestCosta Rica
44%
El NidoPhilippines
44%
Great Blue Hole at Lighthouse ReefBelize
42%
KotorMontenegro
34%
Simien MountainsEthiopia
30%
Mamanucas IslandsFiji
25%

Score Distribution

Percentile by Number Answered

Percent of People with Each Score

Your Score History

You have not taken this quiz